| 000 | 00510nam a2200217Ia 4500 | ||
|---|---|---|---|
| 003 | OSt | ||
| 005 | 20221005133140.0 | ||
| 006 | a|||||r|||| 00| 0 | ||
| 007 | ta | ||
| 008 | 221004b |||||||| |||| 00| 0 eng d | ||
| 024 | _a119181 | ||
| 037 | _cTextual | ||
| 040 |
_aCRL _cCRL _beng |
||
| 041 |
_2eng _aeng |
||
| 100 |
_aKaur Harjinder _9642124 |
||
| 245 | 0 | _aVirse de Parchave | |
| 260 | _c1965 | ||
| 650 | _aPUNJABI LITERATURE | ||
| 942 |
_cTEXL _2cc |
||
| 999 |
_c1065888 _d1065888 |
||